000 00636nam a2200241Ia 4500
003 OSt
005 20220918192423.0
006 a|||||r|||| 00| 0
007 ta
008 220917b |||||||| |||| 00| 0 eng d
024 _a68,261
037 _cTextual
040 _aARTS
_cARTS
_beng
041 _2eng
_aeng
082 _aO111,2J64:g, K1
100 _aVYVAN John
_979091
245 0 _aShakespeare and platonic beauty
260 _aLondon
_bChatto & Windus UK
_c1961
300 _a223p.
_ccm.
650 _aENGLISH LITERATURE
942 _hO111,2J64:g, K1
_cTEXL
_2CC
999 _c194439
_d194439